| 000 | 00504nam a2200181Ia 4500 | ||
|---|---|---|---|
| 005 | 20260429112037.0 | ||
| 008 | 260429s9999||||xx |||||||||||||| ||und|| | ||
| 020 | _a9781804892749 | ||
| 041 | _aEnglish | ||
| 082 |
_a620.5 _bQUI |
||
| 100 | _aQuinn, Elowen | ||
| 245 | 0 |
_aNanostructured advanced materials / _cElowen Quinn |
|
| 260 |
_aUnited Kingdom : _bBrilliant Publication Ltd. , _c2025. |
||
| 300 | _axii, 282 p.; hb | ||
| 650 | _a Nanomaterials | ||
| 650 | _aAdvanced materials | ||
| 942 | _cTB | ||
| 999 |
_c52055 _d52055 |
||